[Event "Challenge"]
[Site "http://www.queenalice.com/game.php?id=1871777"]
[Date "2026.4.10"]
[Round "-"]
[White "Mr_SPOCK"]
[Black "altair"]
[Result "0-1"]
[WhiteElo "1825"]
[BlackElo "1845"]

1. e4 e5 2. Qh5 d6 3. Bc4 Qe7 4. d3 a5 5. Bg5 Nf6 6. Qe2 h6 7. Bh4 Qd8 8. Nc3 c6
9. a4 Be7 10. Nf3 O-O 11. Bg3 Bd7 12. h4 Qe8 13. h5 b5 14. axb5 cxb5 15. Ba2 b4
16. Nd5 Bc6 17. Nc7 Qc8 18. Nxa8 Bxa8 19. Bh4 Qc7 20. Bc4 Re8 21. Ng5 d5 22.
exd5 hxg5 23. Bxg5 Nxd5 24. Bh6 gxh6 25. Rh3 Kh8 26. Rg3 Bg5 27. Qe4 Qd7 28. d4
exd4 29. Qxe8+ Qxe8+ 30. Be2 Nf4 31. O-O-O Nxe2+ 32. Kb1 Nxg3 33. fxg3 Be3 34.
c3 Qe4+ 35. Ka2 Bd5+ 36. Ka1 Bb3 37. cxb4 Bxd1 38. Ka2 Qd5+ 39. Kb1 Qc4 40. bxa5
Bc2+ 41. Ka1 Qa4# 0-1

[Event "Challenge"]
[Site "http://www.queenalice.com/game.php?id=1871792"]
[Date "2026.4.11"]
[Round "-"]
[White "altair"]
[Black "Mr_SPOCK"]
[Result "1-0"]
[WhiteElo "1828"]
[BlackElo "1842"]

1. e4 e5 2. Nf3 Nf6 3. d3 Bb4+ 4. Bd2 Bd6 5. Nc3 O-O 6. h3 Nc6 7. Be2 Bc5 8. O-O
d6 9. a4 a5 10. Na2 d5 11. exd5 Nxd5 12. c4 Nf6 13. Bc3 Bf5 14. Bxe5 Nxe5 15.
Nxe5 Qd4 16. Nf3 Qxb2 17. d4 Rad8 18. d5 Bc2 19. Qd2 Qb3 20. Nc1 Qb6 21. Qxc2
Qd6 22. Nb3 Bb6 23. c5 Bxc5 24. Nxc5 Qxd5 25. Rfd1 Qh5 26. Rxd8 Rxd8 27. Nxb7
Rf8 28. Qxc7 Nd5 29. Qxa5 f6 30. Bc4 Kh8 31. Bxd5 h6 32. Rd1 f5 33. Re1 g5 34.
Qc3+ Kh7 35. Re7+ Rf7 36. Rxf7+ Qxf7 37. Bxf7 h5 38. Nxg5+ Kh6 39. Qf6# 1-0

[Event "Challenge"]
[Site "http://www.queenalice.com/game.php?id=1872283"]
[Date "2026.4.22"]
[Round "-"]
[White "TammieM3ENF"]
[Black "Mr_SPOCK"]
[Result "0-1"]
[WhiteElo "1313"]
[BlackElo "1856"]

1. d4 e5 2. dxe5 f6 3. e4 fxe5 4. f3 Nc6 5. c4 Nd4 6. b4 Bxb4+ 7. Nc3 Bxc3+ 8.
Bd2 Bxa1 9. Qxa1 Nc2+ 10. Kf2 Nxa1 11. g4 Qh4+ 12. Kg2 d5 13. cxd5 Ne7 14. a4
Nc2 15. f4 exf4 16. Kf3 Qxg4+ 17. Kf2 Qh4+ 18. Ke2 f3+ 19. Nxf3 Qxe4+ 20. Be3
Qxe3+ 21. Kd1 Bf5 22. h4 Qxf3+ 23. Be2 Qxh1+ 24. Kd2 Qxd5+ 25. Bd3 Qxd3+ 26. Kc1
Qa3+ 27. Kd2 O-O-O+ 28. Ke2 Qe3+ 29. Kf1 Bh3# 0-1

[Event "Challenge"]
[Site "http://www.queenalice.com/game.php?id=1872929"]
[Date "2026.5.5"]
[Round "-"]
[White "Mr_SPOCK"]
[Black "TammieM3ENF"]
[Result "1-0"]
[WhiteElo "1870"]
[BlackElo "1311"]

1. e4 e5 2. Nf3 Nc6 3. Bc4 Nf6 4. Nc3 d6 5. O-O d5 6. exd5 Nd4 7. Nxe5 Rg8 8.
Re1 c6 9. dxc6 bxc6 10. Bxf7+ Ke7 11. Nxc6+ Kd7 12. Nxd8 Kxd8 13. d3 Rh8 14. Bg5
h6 15. Bf4 g5 16. Be5 Nd7 17. Bxh8 h5 18. Re8+ Kc7 19. Nd5+ Kb8 20. Be5+ Nxe5
21. Rxe5 a5 22. c3 Nc6 23. Qb3+ Bb7 24. Re8+ Ka7 25. Qb6# 1-0